000 00527nam a2200205Ia 4500
008 210417s9999 xx 000 0 und d
020 _a9780198477716
020 _b198477716
082 _a823.0083 PRI
082 _b2.823.0083PRI
245 0 _aRobot rampage
245 0 _cRobot rampage
250 _a1st ed.
250 _b48 p. : col. ill. ; 21 cm.
260 _aNew York
260 _bOxford University
260 _c2010
700 _a"Priestley, Chris"
700 _bChris Priestley ; illustrated by Jon Stuart
999 _c441021
_d441021